000 00875nam a2200301 a 4500
001 22643
003 SK-KTurca
005 20260409095043.0
008 120626s2012 xo d 000 f slo d
020 _a9788055129365 (viaz.)
035 _aa000461605
040 _aPPPK
_bslo
_cUKB
_eAACR2
041 1 _aslo
_heng
044 _axo
_cSK
072 7 _a821.111(73)-3
_xAmerická próza
_2konspekt
080 _a821.111(73)-31
_22001
080 _a(0:82-31)
_22001
100 1 _aDeveraux, Jude,
_d1947-
240 1 0 _aHeartwishes.
_lSlovensky
245 1 0 _aKameň želaní
_cJude Deverauxová ; [z anglického originálu preložila Miriam Ghaniová]
260 _aBratislava
_bIkar
_c2012
300 _a302, [1] s.
653 _a821.111(73)-31
653 _a(0:82-31)
655 7 _aamerické romány
_2UKBPH
700 1 _aGhaniová, Miriam
_4trl
942 _2ddc
_cKLDO
_n0
999 _c22643
_d22643